| 000 | 00870cam a22002651 4500 | ||
|---|---|---|---|
| 001 | 3903 | ||
| 003 | BD-RjUL | ||
| 005 | 20211208233811.0 | ||
| 008 | 131221t19661965enka b 001 0 eng | ||
| 035 | _a(BD-RjUL)3937 | ||
| 035 | _a(OCoLC)242756 | ||
| 040 |
_aDLC _cODaWU _dOCoLC _dUk _dDLC _dBD-RjUL _beng |
||
| 041 | _aeng | ||
| 082 |
_a658.8 _bWIM 1966 |
||
| 100 | 1 |
_aWilson, Aubrey, _912442 |
|
| 245 | 1 | 4 |
_aThe marketing of industrial products / _cedited by Aubrey Wilson |
| 260 |
_aLondon : _bHutchinson , _cc1965 [Reprinted 1966, 1968]. |
||
| 300 |
_axix, 273 p. _billus. _c23 cm. |
||
| 504 | _aBibliography: p. [261]-[266] and index. | ||
| 650 | 0 |
_aMarketing _xManagement. _912443 |
|
| 856 | _uhttp://www.worldcat.org/title/marketing-of-industrial-products/oclc/242756&referer=brief_results | ||
| 942 |
_2ddc _cBK |
||
| 999 |
_c3903 _d3903 |
||